=LDR 00000nam 2200000 4500 =001 INLIS000000000028842 =005 20130612131122 =008 ***********************************Ind** =035 ##$$0010-061300000028842 =041 ##$$a Ind =082 ##$$a 92 =090 ##$$a 92(Hamangkubuwono X), Buw b =100 ##$$a Buwono X, Sri Sultan Hamengku =245 ##$$a Bercermin di kalbu rakyat, Sri Sultan Hamengku Buwono X =260 ##$$a 1999 $b Yogyakarta =300 ##$$a 148 hlm, ilus, 22 cm =650 ##$$a Hamengku Buwono =850 ##$$a NBPNMAT